| 000 | 01748nam a22002057a 4500 | ||
|---|---|---|---|
| 999 |
_c62721 _d62721 |
||
| 003 | Ge_BSU | ||
| 005 | 20250130123459.0 | ||
| 008 | 250130s2014 ge ||||| |||| 00| 0 geo d | ||
| 020 | _a9789994021000 | ||
| 041 | _ageo | ||
| 080 | _a94(479.22)"1160-1213"(063) თ-26 | ||
| 245 |
_aთამარ მეფე წმინდანი : _bთამარ მეფის ხსენებისადმი მიძღვნილი კონფერენციის მასალები / _cბათუმის შოთა რუსთაველის სახ. უნ-ტი, ნიკო ბერძენიშვილის ინ-ტი, საქ. განათლების, მეცნ. აკად. აჭარის განყ-ბა, აჭარის ქალთა დარბაზი ; რედ. ნანი გუგუნავა. |
||
| 264 |
_aბათუმი : _b ს.ს. "გამომცემლობა აჭარა", _c2014. |
||
| 300 |
_a80 გვ. ; _b20 სმ. |
||
| 500 | _a გარეკანზე: ქეთევან მაღალაშვილის "თამარ მეფე". | ||
| 504 | _aბიბლიოგრ. მოხსენებების ბოლოს. | ||
| 700 |
_aგუგუნავა, ნ. (ნანი) _eრედაქტორი _924186 |
||
| 710 |
_aბათუმის შოთა რუსთაველის სახ. უნ-ტი. ნიკო ბერძენიშვილის ინ-ტი. _bსაქ. განათლების, მეცნ. აკად. აჭარის განყ-ბა. აჭარის ქალთა დარბაზი. _924187 |
||
| 942 |
_2udc _cᲬᲘᲒᲜᲘ |
||